000 00542nam a2200193Ia 4500
005 20250508152612.0
008 008 250505s9999 xx 000 0 eng d
037 _aTextual
040 _aFEDL
_beng
_cFEDL
041 _aeng
_2eng
084 _a500, ATK
_qFEDL
100 _aAtkinson A
245 0 _aGeneral science workbook for tropical schools, Book 2
260 _aLondon, UK
_bOxford University Press
_c1955
300 _a169p
700 _a Daniel F
_9761917
942 _cTEXL
_h500, ATK
999 _c1337524
_d1337524